|
|
|
|
| LEADER |
02170cas a2200517 a 4500 |
| 001 |
c000400724 |
| 003 |
CARM |
| 005 |
20181205111831.0 |
| 008 |
181204d19791995acaar 0 0eng d |
| 016 |
|
|
|a 000002221816
|2 AU
|
| 019 |
1 |
|
|a 23984449
|5 LACONCORD2021
|
| 022 |
|
|
|a 0727-3800
|
| 035 |
|
|
|a (OCoLC)220033845
|5 LACONCORD2021
|
| 040 |
|
|
|a NUWS:W
|b eng
|d SUA
|d NUWS:W
|
| 042 |
|
|
|a anuc
|
| 043 |
|
|
|a u-at-ac
|
| 050 |
|
4 |
|a TN121
|b .M55
|
| 080 |
|
|
|a 622(94)
|b M555
|
| 082 |
0 |
4 |
|a 333.85099405
|
| 222 |
|
0 |
|a Minerals industry survey
|
| 245 |
0 |
0 |
|a Minerals industry survey /
|c Australian Mining Industry Council.
|
| 260 |
|
|
|a Canberra, A.C.T. :
|b The Council,
|c 1979-[1996].
|
| 300 |
|
|
|a v. :
|b ill. ;
|c 30 cm.
|
| 310 |
|
|
|a Annual
|
| 362 |
0 |
|
|a 1977 and 1978-'95.
|
| 500 |
|
|
|a Cover title.
|
| 500 |
|
|
|a Survey conducted by: Coopers & Lybrand 1977/78-<1987?>, 1994-1995; Ernst & Young <1991>-1993.
|
| 550 |
|
|
|a Issued by the Australian Mining Industry Council, 1977/78-1994; Minerals Council of Australia, 1995.
|
| 650 |
|
0 |
|a Mines and mineral resources
|z Australia
|v Statistics
|v Periodicals.
|
| 650 |
|
0 |
|a Mining industry and finance
|z Australia
|v Periodicals.
|
| 650 |
|
0 |
|a Mines and mineral resources
|z Australia
|v Periodicals.
|
| 650 |
|
0 |
|a Mineral industries
|z Australia
|v Periodicals.
|
| 710 |
2 |
|
|a Ernst & Young.
|
| 710 |
2 |
|
|a Coopers & Lybrand.
|
| 710 |
2 |
|
|a Australian Mining Industry Council
|
| 710 |
2 |
|
|a Minerals Council of Australia
|
| 785 |
0 |
0 |
|t Minerals industry survey report
|
| 852 |
8 |
|
|b CARM
|i F10309
|p 0649606
|j 1981-1983,1985
|f SE
|
| 852 |
8 |
|
|b CARM
|i F10362
|p 0649771
|j 1977/78,1986-1993
|f SE
|
| 852 |
8 |
|
|b SCAN
|h A3:AP37G0
|i F10362
|p 0649771
|f SE
|
| 852 |
8 |
|
|b SCAN
|h A3:AP37G0
|i F10362
|p 0649771
|f SE
|
| 866 |
|
0 |
|a 1977/78-1993 Inc.
|
| 999 |
f |
f |
|i bd8a9983-d87f-5453-817e-0ac7846ff576
|s ea75a0fc-2de8-5232-82d4-4339b21a8cba
|
| 952 |
f |
f |
|p Can circulate
|a CAVAL
|b CAVAL
|c CAVAL
|d CARM 1 Store
|e F10309
|h Other scheme
|i book
|k 1981-1983,1985
|m 0649606
|
| 952 |
f |
f |
|p Can circulate
|a CAVAL
|b CAVAL
|c CAVAL
|d CARM 1 Store
|e F10362
|h Other scheme
|i book
|k 1977/78,1986-1993
|m 0649771
|
| 952 |
f |
f |
|a CAVAL
|b CAVAL
|c CAVAL
|d Unmapped Location
|e F10362
|f A3:AP37G0
|h Other scheme
|